00401nam a2200157Ia 450000500170000000800460001703700120006304000200007504100130009508400280010810000280013624500470016426000090021130000100022036500130023020250923144431.0008 250917s9999 xx 000 0 eng d aTextual aDSWLbengcDSWL aeng2eng aYX:1.571-X14, N47qDSWL aHojer, Karl  0aSocial conditions in Swedencby Karl Hojer c1947 a69 p. aINRb3.8